[Event "Ruhrgebiet Verbandsbezirksliga Gr 1"]
[Site "Ruhrgebiet"]
[Date "2019.04.07"]
[Round "8.8"]
[White "Zsok, Ludwig"]
[Black "Finke, Wolfgang"]
[Result "0-1"]
[WhiteElo "1166"]
[BlackElo "1615"]
[PlyCount "98"]
[EventDate "2018.09.30"]
[EventType "team-tourn"]
[EventRounds "9"]
[EventCountry "GER"]
[SourceTitle "EXT 2022"]
[Source "ChessBase"]
[SourceDate "2021.10.06"]
[SourceVersion "1"]
[SourceVersionDate "2021.10.06"]
[SourceQuality "1"]
[WhiteTeam "Werne SK"]
[BlackTeam "Kamen SV III"]
[WhiteTeamCountry "GER"]
[BlackTeamCountry "GER"]

1. e4 Nf6 2. Nc3 d5 3. exd5 Nxd5 4. Nxd5 Qxd5 5. Nf3 Bg4 6. Be2 e6 7. h3 Bh5 8. d3 Be7 9. c4 Qa5+ 10. Bd2 Qb6 11. b3 Bf6 12. Rc1 c5 13. Be3 Nc6 14. 0-0 0-0 15. a3 Rfd8 16. Nd2 Bg6 17. Qc2 Rd7 18. Ne4 Bd4 19. Rcd1 Rad8 20. Rd2 Bxe3 21. fxe3 Bxe4 22. Rfd1 Ne5 23. dxe4 g6 24. Rxd7 Rxd7 25. Rxd7 Nxd7 26. Bf3 Ne5 27. Kf2 Qd6 28. Ke2 b6 29. Qc3 Nd7 30. Qd3 Qe7 31. Qc3 Qg5 32. Qd3 Ne5 33. Qd1 Qg3 34. Qe1 Qg5 35. h4 Qf6 36. Qg3 Nxf3 37. Qf2 Qb2+ 38. Kxf3 Qxb3 39. Qe2 Qxa3 40. Kf4 Qc3 41. e5 Kg7 42. h5 a5 43. Qg4 Qxc4+ 44. e4 Qf1+ 45. Kg3 c4 46. h6+ Kxh6 47. Qh4+ Kg7 48. Qd8 c3 49. Qxb6 c2 0-1